Trends in research and in the application of science and technology for arid zone development / (Record no. 33528)
[ view plain ]
| 000 -LEADER | |
|---|---|
| fixed length control field | 01067nam a2200301 i 4500 |
| 001 - CONTROL NUMBER | |
| control field | 33528 |
| 003 - CONTROL NUMBER IDENTIFIER | |
| rucl marc code | BD-RjUL |
| 005 - DATE AND TIME OF LATEST TRANSACTION | |
| control field | 20211209052026.0 |
| 008 - FIXED-LENGTH DATA ELEMENTS--GENERAL INFORMATION | |
| fixed length control field | 140508s1979 fr b i000 0 eng d |
| 020 ## - INTERNATIONAL STANDARD BOOK NUMBER | |
| International Standard Book Number | 9231015974 (pbk.) |
| 035 ## - SYSTEM CONTROL NUMBER | |
| System control number | (BD-RjUL)33619 |
| 040 ## - CATALOGING SOURCE | |
| Original cataloging agency | DLC |
| Transcribing agency | DLC |
| Modifying agency | DLC |
| -- | BD-RjUL |
| Language of cataloging | eng |
| 041 ## - LANGUAGE CODE | |
| Language code of text/sound track or separate title | eng |
| 082 00 - DEWEY DECIMAL CLASSIFICATION NUMBER | |
| Classification number | 333.73 |
| Edition number | 19 |
| Author mark and year | UNT 1979 |
| 110 ## - MAIN ENTRY--CORPORATE NAME | |
| Corporate name or jurisdiction name as entry element | Unesco. |
| 9 (RLIN) | 101749 |
| 245 00 - TITLE STATEMENT | |
| Title | Trends in research and in the application of science and technology for arid zone development / |
| 260 ## - PUBLICATION, DISTRIBUTION, ETC. (IMPRINT) | |
| Place of publication, distribution, etc. | Paris : |
| Name of publisher, distributor, etc. | Unesco ; |
| Place of publication, distribution, etc. | New York : |
| Name of publisher, distributor, etc. | distributed by Unipub], |
| Date of publication, distribution, etc. | 1979. |
| 300 ## - PHYSICAL DESCRIPTION | |
| Pagination | 53 p. ; |
| Size | 27 cm. |
| 500 ## - GENERAL NOTE | |
| General note | Report commissioned by Unesco within the Man and the Biosphere (MAB) Programme. |
| 504 ## - BIBLIOGRAPHY, ETC. NOTE | |
| Bibliography, etc | Bibliography: p. 51-53. |
| 650 #0 - SUBJECT ADDED ENTRY--TOPICAL TERM | |
| Topical term or geographic name as entry element | Arid regions |
| General subdivision | Research. |
| 9 (RLIN) | 101744 |
| Topical term or geographic name as entry element | Desert resources development. |
| 9 (RLIN) | 101745 |
| 710 2# - ADDED ENTRY--CORPORATE NAME | |
| Corporate name or jurisdiction name as entry element | International Co-ordinating Council of the Programme on Man and the Biosphere. |
| 9 (RLIN) | 101731 |
| 942 ## - ADDED ENTRY ELEMENTS (KOHA) | |
| Source of classification or shelving scheme | Dewey Decimal Classification |
| Koha item type | Books |
| Lost status | Source of classification or shelving scheme | Damaged status | Not for loan | Collection code | Permanent Location | Current Location | Shelving location | Date acquired | Source of acquisition | Cost, normal purchase price | Total Checkouts | Full call number | Date last seen | Copy number | Koha item type |
|---|---|---|---|---|---|---|---|---|---|---|---|---|---|---|---|
| Dewey Decimal Classification | Not For Loan | Non-fiction | Central Library, University of Rajshahi | Central Library, University of Rajshahi | Reading Room | 05/12/1981 | Unknowen Gift | 0.00 | 333.73 UNT 1979 | 08/05/2014 | C-1 | Books | |||
| Dewey Decimal Classification | Non-fiction | Central Library, University of Rajshahi | Central Library, University of Rajshahi | 01/09/1982 | UNESCO, Gift. | 333.73 UNT 1979 | 11/05/2014 | C-2 | Books |